00322nam a2200133Ia 45000030006000000080041000060400015000471000019000622450049000812500011001302600018001415460012001590050017001710STCL150530s9999 xx 000 0 und d aSTCLcSTCL aVasishta, P.C. aBotany for degree students gymnosperms vol V aSecond bS.Chandc1998 aEnglish20220125170412.0